| 000 | 00625nam a2200193 a 4500 | ||
|---|---|---|---|
| 005 | 20220520063507.0 | ||
| 008 | 041025s1991 mx r 000 0 spa d | ||
| 020 | _a9686398058 | ||
| 035 | _aUPN01000135979 | ||
| 049 | _aCG | ||
| 050 | 4 |
_aHM258 _bT7.9 |
|
| 100 | 1 |
_aTrejo Delarbre, Raúl, _d1953- _938581 |
|
| 245 | 1 | 0 |
_aVer, pero también leer : _btelevisión y prensa : del consumo a la democracia / _cRaúl Trejo Delarbre. |
| 260 |
_aMéxico : _bGernika, _c1991. |
||
| 300 | _a165 p. | ||
| 440 | 4 |
_aLos Libros del consumidor ; _v2 |
|
| 650 | 2 |
_aMedios masivos de comunicación _xAspectos sociales _95452 |
|
| 905 | _aLibro | ||
| 999 |
_c108130 _d108130 |
||